| 000 | 00468nam a2200193Ia 4500 | ||
|---|---|---|---|
| 005 | 20240823052826.0 | ||
| 008 | 240823s9999||||xx |||||||||||||| ||und|| | ||
| 020 | _a978-1-61048-9 | ||
| 041 | _aENGLISH | ||
| 082 | _A371.203 Q2 | ||
| 100 | _aKevin A Gorman | ||
| 245 | 0 | _aBreaking Down The Barriers | |
| 250 | _a1st | ||
| 260 |
_c2012 _bRowman & Littlefield Publisher |
||
| 500 | _aYES | ||
| 650 |
_aDown the Barriers _bGeneral |
||
| 942 | _cBK | ||
| 999 |
_c222770 _d222770 |
||